000 00422nam a2200145 i 4500
001 47249
003 ES-MaACL
007 t|
008 030404s1910 xxu ||||1| eng d
100 1 _aCoolidge, Archibald Cary.
_940367
245 1 4 _aThe United States as a world power /
_cby Archibald Cary Coolidge.
260 _aNew York :
_bJ. S. Cushing Co.,
_c1910.
300 _aVIII, 386 p. ;
_c21 cm.
852 _aES-MaACL
_jC-738
999 _c47249
_d47249